000 00779nam a2200193 a 4500
008 061130s2006 ||||||||||||||||| || u
020 _a9780821367315
050 _aHF 1359 Glo
100 _aBhargava, Vinay
245 1 0 _aGlobal issues for global citizens: an introduction to key development challenges
_cedited by Bhargava, Vinay
260 _aWashington, D.C
_bWorld Bank
_c2006
300 _axxix ; 456p.
350 _a0.00
650 0 _aINTERNATIONAL ECONOMIC RELATIONS
650 _aINTERNATIONAL ORGANIZATION
650 _aWORLD HEALTH
650 _aSUSTAINABLE DEVELOPMENT--ENVIRONMENTAL ASPECTS
995 _D0.00
_FCBU-MAIN LIBRARY (Kitwe)
_H1
_I0.00
_M1
_UAVAILABLE
_WJan 8, 2008
_ZMain Library Open Access Collection
999 _c44676
_d44676